000 00706nam a2200241 u 4500
001 63302
005 20180714065652.0
008 150805s2002 mx r 000 0 spa d
020 _a9592094470
082 _a177
_bVIT
100 1 _aVitier, Cintio
_eautor
245 1 0 _aEse sol del mundo moral /
_cCintio Vitier.
250 _aPrimera edición
264 _aMéxico :
_bSiglo Veintiuno
_c2002
300 _a223 páginas ;
_c18 cm.
336 _atexto
_2rdacontent
337 _asin mediación
_2rdamedia
338 _avolumen
_2rdacarrier
490 1 _aTeoría
500 _aIncluye bibliografía: p. 215-222
502 _aRoberta Lajous
_cDonativo
650 0 _aEtica social
_zCuba
999 _c63302
_d63302